000
00264nam a22001217a 4500
008
181017b xxu||||| |||| 00| 0 eng d
041
_a
eng
080
_a
101
100
_a
13
101
_a
FIL;
245
_a
Philosophical Apparatus
_c
Brown.L.A
942
_2
udc
_c
BK
999
_c
50057
_d
50057